<?xml version="1.0" encoding="UTF-8"?>
<record
    xmlns:xsi="http://www.w3.org/2001/XMLSchema-instance"
    xsi:schemaLocation="http://www.loc.gov/MARC21/slim http://www.loc.gov/standards/marcxml/schema/MARC21slim.xsd"
    xmlns="http://www.loc.gov/MARC21/slim">

  <leader>00612nam a2200229Ia 4500</leader>
  <controlfield tag="005">20230419130748.0</controlfield>
  <controlfield tag="008">230125s9999    xx            000 0 und d</controlfield>
  <datafield tag="020" ind1=" " ind2=" ">
    <subfield code="a">978-81-8495-630-6</subfield>
  </datafield>
  <datafield tag="041" ind1=" " ind2=" ">
    <subfield code="a">eng</subfield>
  </datafield>
  <datafield tag="082" ind1=" " ind2=" ">
    <subfield code="a">823</subfield>
    <subfield code="b">SHI</subfield>
  </datafield>
  <datafield tag="100" ind1=" " ind2=" ">
    <subfield code="a">Shiv S R</subfield>
    <subfield code="9">106370</subfield>
  </datafield>
  <datafield tag="245" ind1=" " ind2=" ">
    <subfield code="a">In Search Of Happiness : Discovering The Soul Through Past Lives</subfield>
  </datafield>
  <datafield tag="260" ind1=" " ind2=" ">
    <subfield code="c">2014</subfield>
    <subfield code="b">Jaico Publishing House</subfield>
    <subfield code="a">Ahmedabad</subfield>
  </datafield>
  <datafield tag="300" ind1=" " ind2=" ">
    <subfield code="a">301p</subfield>
    <subfield code="c">Paper Back</subfield>
  </datafield>
  <datafield tag="440" ind1=" " ind2=" ">
    <subfield code="v">1</subfield>
  </datafield>
  <datafield tag="500" ind1=" " ind2=" ">
    <subfield code="a">English Literature</subfield>
  </datafield>
  <datafield tag="650" ind1=" " ind2=" ">
    <subfield code="a">English Literature</subfield>
  </datafield>
  <datafield tag="700" ind1=" " ind2=" ">
    <subfield code="a">Shiv S R</subfield>
    <subfield code="9">106370</subfield>
  </datafield>
  <datafield tag="906" ind1=" " ind2=" ">
    <subfield code="b">27</subfield>
  </datafield>
  <datafield tag="942" ind1=" " ind2=" ">
    <subfield code="c">BK</subfield>
  </datafield>
  <datafield tag="999" ind1=" " ind2=" ">
    <subfield code="c">95361</subfield>
    <subfield code="d">95361</subfield>
  </datafield>
  <datafield tag="952" ind1=" " ind2=" ">
    <subfield code="0">0</subfield>
    <subfield code="1">0</subfield>
    <subfield code="4">0</subfield>
    <subfield code="7">0</subfield>
    <subfield code="a">HIMR</subfield>
    <subfield code="b">HIMR</subfield>
    <subfield code="d">2019-02-13</subfield>
    <subfield code="e">Pritam Book Centre</subfield>
    <subfield code="g">299.00</subfield>
    <subfield code="i">10771</subfield>
    <subfield code="l">2</subfield>
    <subfield code="o">823 SHI B18363</subfield>
    <subfield code="p">HIMR-BK-18363</subfield>
    <subfield code="r">2025-10-09 15:27:36</subfield>
    <subfield code="s">2025-10-03</subfield>
    <subfield code="v">272.00</subfield>
    <subfield code="w">2018-02-12</subfield>
    <subfield code="y">BK</subfield>
    <subfield code="z">B18363</subfield>
  </datafield>
  <datafield tag="952" ind1=" " ind2=" ">
    <subfield code="0">0</subfield>
    <subfield code="1">0</subfield>
    <subfield code="4">0</subfield>
    <subfield code="7">0</subfield>
    <subfield code="a">HIMR</subfield>
    <subfield code="b">HIMR</subfield>
    <subfield code="d">2019-03-06</subfield>
    <subfield code="e">Pritam Book Centre</subfield>
    <subfield code="g">299.00</subfield>
    <subfield code="i">10783</subfield>
    <subfield code="l">1</subfield>
    <subfield code="m">1</subfield>
    <subfield code="o">823 SHI B18547</subfield>
    <subfield code="p">HIMR-BK-18547</subfield>
    <subfield code="r">2024-03-26 00:00:00</subfield>
    <subfield code="s">2024-03-11</subfield>
    <subfield code="v">272.00</subfield>
    <subfield code="w">2019-03-05</subfield>
    <subfield code="y">BK</subfield>
    <subfield code="z">B18547</subfield>
  </datafield>
  <datafield tag="952" ind1=" " ind2=" ">
    <subfield code="0">0</subfield>
    <subfield code="1">0</subfield>
    <subfield code="4">0</subfield>
    <subfield code="7">0</subfield>
    <subfield code="a">HIMR</subfield>
    <subfield code="b">HIMR</subfield>
    <subfield code="d">2019-03-06</subfield>
    <subfield code="e">Pritam Book Centre</subfield>
    <subfield code="g">299.00</subfield>
    <subfield code="i">10783</subfield>
    <subfield code="l">0</subfield>
    <subfield code="o">823 SHI B18548</subfield>
    <subfield code="p">HIMR-BK-18548</subfield>
    <subfield code="r">2023-01-25 00:00:00</subfield>
    <subfield code="v">272.00</subfield>
    <subfield code="w">2019-03-05</subfield>
    <subfield code="y">BK</subfield>
    <subfield code="z">B18548</subfield>
  </datafield>
  <datafield tag="952" ind1=" " ind2=" ">
    <subfield code="0">0</subfield>
    <subfield code="1">0</subfield>
    <subfield code="4">0</subfield>
    <subfield code="7">0</subfield>
    <subfield code="a">HIMR</subfield>
    <subfield code="b">HIMR</subfield>
    <subfield code="d">2019-03-06</subfield>
    <subfield code="e">Pritam Book Centre</subfield>
    <subfield code="g">299.00</subfield>
    <subfield code="i">10783</subfield>
    <subfield code="l">0</subfield>
    <subfield code="o">823 SHI B18549</subfield>
    <subfield code="p">HIMR-BK-18549</subfield>
    <subfield code="r">2023-01-25 00:00:00</subfield>
    <subfield code="v">272.00</subfield>
    <subfield code="w">2019-03-05</subfield>
    <subfield code="y">BK</subfield>
    <subfield code="z">B18549</subfield>
  </datafield>
</record>
